| Tag |
First Indicator |
Second Indicator |
Subfields |
| LEADER |
00000pam a2200000 a 4500 |
| 001 |
in00000082426 |
| 005 |
20151008061157.0 |
| 008 |
800508s1980 nyuaf bc 00110aengm |
| 010 |
|
|
|a 80015420
|
| 020 |
|
|
|a 0440032997
|
| 035 |
|
|
|a (OCoLC)06356127
|
| 035 |
|
|
|9 AAJ7480AM
|
| 040 |
|
|
|a DLC
|c DLC
|d m.c.
|d TXA
|d UtOrBLW
|
| 049 |
|
|
|a TXAM
|c [1272395]
|
| 050 |
0 |
0 |
|a PN2778.B43
|b A34 1980
|
| 082 |
0 |
|
|a 791.43/028/0924
|a B
|
| 100 |
1 |
|
|a Bergman, Ingrid,
|d 1915-1982.
|
| 245 |
1 |
0 |
|a Ingrid Bergman, my story /
|c by Ingrid Bergman and Alan Burgess.
|
| 264 |
|
1 |
|a New York :
|b Delacorte Press,
|c [1980]
|
| 264 |
|
4 |
|c ©1980
|
| 300 |
|
|
|a 504 pages, 64 unnumbered pages of plates :
|b illustrations ;
|c 24 cm.
|
| 336 |
|
|
|a text
|b txt
|2 rdacontent
|
| 337 |
|
|
|a unmediated
|b n
|2 rdamedia
|
| 338 |
|
|
|a volume
|b nc
|2 rdacarrier
|
| 500 |
|
|
|a Includes index.
|
| 504 |
|
|
|a "Chronology of the films, plays, and television appearances of Ingrid Bergman": pages 485-494.
|
| 600 |
1 |
0 |
|a Bergman, Ingrid,
|d 1915-1982.
|
| 650 |
|
0 |
|a Actors
|z Sweden
|v Biography.
|
| 700 |
1 |
|
|a Burgess, Alan,
|d 1915-1998.
|
| 999 |
|
|
|a MARS
|
| 999 |
f |
f |
|s 6c185570-198d-3d6d-8928-ceec41653256
|i 3652915d-81b0-34d1-84a3-2ed94c4e523e
|t 0
|
| 952 |
f |
f |
|p ric
|a Texas A&M University
|b Rellis Campus
|c Joint Library Facility
|d Remote Storage
|t 0
|e PN2778.B43 A34 1980
|h Library of Congress classification
|i unmediated -- volume
|m A14806178735
|
| 998 |
f |
f |
|a PN2778.B43 A34 1980
|t 0
|l Remote Storage
|